01227nmc a2200349 a 4500003000900000005001700009008004100026020001800067040001300085100001800098245020700116250001200323260003100335300001100366490002400377500005200401600002400453600003700477600003800514600003000552600004300582600001900625650002500644650002200669650001500691650002900706650003100735650002100766655001500787700004200802700003300844AR-BaBNM20251128205602.0268019s1997 ||||||||||||||000 | spa|| a950-786-144-0 cAR-BaBNM1 aJitrik, Noé10aSuspender toda certezabantología crítica : 1959-1976 : estudios sobre Cambaceres, José Hernández, Echeverría, Macedonio Fernández, García Márquez, Roa Bastos, Donoso, Cortázar y otros a1ª ed. aBuenos AiresbBiblosc19970 a220 p. 0aEstudios literarios0 aContiene referencias bibliográficas en p. 21914aCambaceres, Eugenio14aEcheverría, Esteband1805-185114aFernández, Macedoniod1874-195214aGarcía Marquez, Gabriel14aRoa Bastos, Augusto Antoniod1917-200514aDonoso, José 4aLITERATURA ARGENTINA 4aCRITICA LITERARIA 4aESCRITORES 4aLITERATURA CONTEMPORANEA 4aLITERATURA LATINOAMERICANA 4aSIGLO DIECINUEVE aLITERATURA1 aAguilar, Gonzalo Moisésecompilador1 aLespada, Gustavoecompilador